| 000 | 01744nam a2200229Ia 4500 | ||
|---|---|---|---|
| 008 | 260220t2002||||xx |||||||||||||| ||spa|| | ||
| 040 |
_aPY-SlUNAC _bspa _erda |
||
| 041 | _aspa | ||
| 082 |
_a312.098 92 _bP212p |
||
| 245 | 0 |
_aParaguay total : _bresultado preliminar |
|
| 264 |
_aAsunción : _bSecretaría Técnica de Planificación del Desarrollo Económico y Social, _c℗2002. |
||
| 300 | _a1 volumen | ||
| 520 | _a"Paraguay Total: resultado preliminar" es un informe elaborado por la Secretaría Técnica de Planificación que presenta un análisis exhaustivo de la situación socioeconómica del Paraguay en el contexto de principios del siglo XXI. El documento ofrece un diagnóstico detallado sobre diversas áreas críticas, como la pobreza, la educación, la salud y el empleo, destacando las desigualdades y carencias que enfrenta la población. A través de una metodología basada en la recolección de datos y la evaluación de indicadores, el informe subraya la necesidad de implementar políticas públicas integrales que aborden los desafíos estructurales del país. Además, se enfatiza la importancia de la participación ciudadana y la colaboración interinstitucional para lograr un desarrollo sostenible y equitativo. Asimismo, se plantean recomendaciones concretas orientadas a mejorar la calidad de vida de los paraguayos, promoviendo un enfoque más inclusivo y participativo en la planificación y ejecución de estrategias de desarrollo a largo plazo. | ||
| 651 | _aParaguay | ||
| 653 | _aDesarrollo sostenible | ||
| 653 | _aPlanificación | ||
| 942 |
_b2026/02/17 _cBK |
||
| 999 |
_c6993 _d6993 |
||